| 000 | 00336pam a2200145 a 4500 | ||
|---|---|---|---|
| 020 | _c | ||
| 041 | _aeng | ||
| 082 | _bPES | ||
| 100 |
_aPescow Jerome , _eEdr K. |
||
| 245 |
_aEncycopedia of accounting system VOL 1 _hTextual Documents |
||
| 250 | _a1976. | ||
| 260 |
_aLondon : _bPrentiee hall . |
||
| 300 | _a630 pg . | ||
| 930 | _a2223 | ||
| 999 |
_c79147 _d79147 |
||